Micropocessors (Registro nro. 11956)

Detalles MARC
000 -LÍDER
fixed length control field 00462nam a2200157 4500
008 - ELEMENTOS DE LONGITUD FIJA -- INFORMACIÓN GENERAL
fixed length control field 0 1976 0a 000 0USA
020 ## - NÚMERO INTERNACIONAL NORMALIZADO PARA LIBROS
ISBN 0-471-58414-2
050 ## - SIGNATURA TOPOGRAFICA DE LA BIBLIOTECA DEL CONGRESO (LC)
Número de Clasificación TK7888 3 M26
082 ## - NUMERO DE CLASIFICACION DECIMAL DEWEY
Número de Clasificación 001.64 M36m
100 ## - ASIENTO PRINCIPAL--NOMBRE PERSONAL
Nombre personal McGlynn R, Daniel
245 ## - TÍTULO
Título Micropocessors
260 ## - PUBLICACIÓN, DISTRIBUCIÓN, ETC. (PIE DE IMPRENTA)
Lugar de publicación, distribución, etc. United States of America : John Wiley
300 ## - DESCRIPCIÓN FÍSICA
Extensión xi, 207 p. / 22cm.
500 ## - NOTA GENERAL
Nota general incluye índice y blibliografía
650 ## - ASIENTO SECUNDARIO DE MATERIA - TERMINO TEMÁTICO
Término temático o nombre geográfico como elemento de entrada 1.MICROPOCESADORES \ 2.MICROCOMPUTADORAS
Existencias
No. biblioteca No. biblioteca Número de clasificación Código de barras/Número de adquisición Número de copia Tipo de material
LUIS G. INCLAN LUIS G. INCLAN 001.64 M36m 28026 1 Libros
Calzada Tecnológico # 27, Zacatepec, Morelos.
01(734) 343-07-23 / 343-21-10 / 343-21-11
Apdo. Postal 45 C.P 62780